| 000 | 01209nam a2200301 4500 | ||
|---|---|---|---|
| 001 | 0000018205 | ||
| 003 | CO-CtgCURN | ||
| 005 | 20250513113805.0 | ||
| 007 | ta | ||
| 008 | 160627s2000 000 0 eng d | ||
| 040 |
_aCO-CtgCURN _bspa _ccoctgcurn |
||
| 082 | 0 |
_a616.6 _bF56u |
|
| 100 | 1 | _aFlórez Silva, Ferez. | |
| 245 | 1 | 0 |
_aFundamentos de cirugía : _burología / _cFerez Flórez Silva, Juan Fernando Uribe Arcila. |
| 250 | _a2a ed. | ||
| 260 |
_aMedellin : _bCIB (Corporación para Investigaciones biologicas), _c2000. |
||
| 300 | _a406 p. | ||
| 336 | _2rdacontent | ||
| 337 |
_2rdamedia _asin mediacion _bn |
||
| 338 |
_2rdacarrier _avolumen _bnc |
||
| 500 | _aIncluye indice. | ||
| 505 | 8 | _aAnatomía urologica.--Embriología del tracto genitourinario.--Fisiología del tracto urinario.--Farmacología urologica.--Examen clinico del aparato genitourinario.--Enfoque general del paciente urologico.--Instrumentacion uso de sondas y la paroscopia en urología | |
| 650 | 1 | 4 | _aInfecciones del tracto urinario. |
| 700 | 1 | _aUribe Arcila, Juan Fernando. | |
| 908 | _a160627 | ||
| 942 |
_cBK _h616.6 _iF56u _2ddc _n0 |
||
| 999 |
_c22530 _d22530 |
||